Where there is no doctor : (Record no. 4688)
[ view plain ]
| 000 -LEADER | |
|---|---|
| fixed length control field | 00652cam a22002172 4500 |
| 001 - CONTROL NUMBER | |
| control field | 0000000002 |
| 005 - DATE AND TIME OF LATEST TRANSACTION | |
| control field | 20151217151742.0 |
| 008 - FIXED-LENGTH DATA ELEMENTS--GENERAL INFORMATION | |
| fixed length control field | 060605s xx 000 0 eng d |
| 020 ## - INTERNATIONAL STANDARD BOOK NUMBER | |
| International Standard Book Number | 0333516524 : |
| Terms of availability | KES 820 |
| 040 ## - CATALOGING SOURCE | |
| Original cataloging agency | KABU |
| Transcribing agency | KABU |
| 100 1# - MAIN ENTRY--PERSONAL NAME | |
| Personal name | Werner, David. |
| -- | 0000161265 |
| 245 10 - TITLE STATEMENT | |
| Title | Where there is no doctor : |
| Remainder of title | a village health care handbook for Africa. |
| 260 ## - PUBLICATION, DISTRIBUTION, ETC. (IMPRINT) | |
| Place of publication, distribution, etc. | Oxford : |
| Name of publisher, distributor, etc. | Macmillan, |
| Date of publication, distribution, etc. | 2004. |
| 300 ## - PHYSICAL DESCRIPTION | |
| Extent | 440 p. : |
| Other physical details | ill. |
| 650 #1 - SUBJECT ADDED ENTRY--TOPICAL TERM | |
| Topical term or geographic name as entry element | Health |
| General subdivision | Medicine. |
| -- | 0000161266 |
| 908 ## - PUT COMMAND PARAMETER (RLIN) | |
| Put command parameter | 060605 |
| 950 ## - LOCAL HOLDINGS (RLIN) | |
| -- | 1 |
| 996 ## - | |
| -- | 0000000075 |
| Withdrawn status | Lost status | Source of classification or shelving scheme | Not for loan | Home library | Current library | Date acquired | Total Checkouts | Total Renewals | Full call number | Barcode | Date last seen | Date last checked out | Price effective from | Koha item type | Copy number |
|---|---|---|---|---|---|---|---|---|---|---|---|---|---|---|---|
| Library of Congress Classification | Kabarak, Main Campus | Kabarak, Main Campus | 17/12/2015 | 4 | 1 | RC81 .W47 2004 c. 1 | 006710 | 15/02/2021 | 14/06/2020 | 17/12/2015 | General Collection | ||||
| Library of Congress Classification | Kabarak, Main Campus | Kabarak, Main Campus | 17/12/2015 | 2 | RC81 .W47 2004 c. 2 | 016773 | 22/01/2020 | 22/01/2020 | 17/12/2015 | General Collection | C2 |